000 00593nam a2200217Ia 4500
001 8056
003 GE_BSU
008 181216s||||||||xx |||||||||||||| ||und||
020 _a9789941926976
040 _cGE_BSU
080 _a821.353.1-1
100 _aგონაშვილი,მაყვალა
245 _aხმა მესმა
245 _cრედ.მანანა გორგიშვილი
260 _aთბილისი
260 _bმერანი
260 _c2012
300 _a198გვ.17სმ.
653 _aპოეზია
942 _cBK
999 _c41394
_d41394